Normal view
MARC view
- FANELLA, A.DAVID
Entry Personal Name
001 - CONTROL NUMBER
- control field: 90496
003 - CONTROL NUMBER IDENTIFIER
- control field: NUST
005 - DATE AND TIME OF LATEST TRANSACTION
- control field: 20220308125905.0
008 - FIXED-LENGTH DATA ELEMENTS
- fixed length control field: 220308|| aca||aabn | a|a d
040 ## - CATALOGING SOURCE
- Original cataloging agency: NUST
- Transcribing agency: NUST
100 ## - HEADING--PERSONAL NAME
- Personal name: FANELLA, A.DAVID
670 ## - SOURCE DATA FOUND
- Source citation: Work cat.: (NUST): FANELLA, A.DAVID., REINFORCED CONCRETE STRUCTURE /, 2016.
